00245nam a2200097Ia 4500008004100000100002200041245003200063260002800095942000700123999001700130190216s9999||||xx |||||||||||||| ||und|| aOrusangam Lekakar 0aViswamahagrandhangal Part-1 bKerala Bhasha Institute cBK c37891d37891